000 00490nam a2200193Ia 4500
005 20240823052830.0
008 240823s9999||||xx |||||||||||||| ||und||
020 _a978-1-61048-906-6
041 _aENGLISH
082 _A371.93 Q3
100 _aMary Skvorak
245 0 _aResistant Students : Reach Me Befor you Teach
250 _a1st
260 _c2013
_bRowman & Littlefield Publisher
500 _aYES
650 _aResistant Students
_bGeneral
942 _cBK
999 _c222790
_d222790